Counselling and Psychotherapy Essentials / Integrating Theories, Skills, and Practices (Record no. 6309)
[ view plain ]
| 000 -LEADER | |
|---|---|
| fixed length control field | 01799cam a22002174a 4500 |
| 005 - ΗΜΕΡΟΜΗΝΙΑ ΚΑΙ ΩΡΑ ΤΕΛΕΥΤΑΙΑΣ ΕΝΗΜΕΡΩΣΗΣ | |
| Πεδίο ελέγχου | 20250605164238.0 |
| 008 - FIXED-LENGTH DATA ELEMENTS--GENERAL INFORMATION | |
| Πεδίο ελέγχου σταθερού μήκους | 250528s ||||||||||||||||||||||||d |
| 035 ## - SYSTEM CONTROL NUMBER | |
| System control number | 21242 |
| 020 ## - ISBN | |
| ISBN | 9780393704587 |
| 040 ## - ΠΗΓΗ ΚΑΤΑΛΟΓΟΓΡΑΦΗΣΗΣ | |
| Φορέας πρωτότυπης καταλογογράφησης | MC Athens Campus Library |
| Γλώσσα καταλογογράφησης | Ελληνικά, Μοντέρνα (1453-) |
| Modifying agency | MC Athens Campus Library |
| Κανόνες περιγραφικής καταλογογράφησης | AACR2 |
| 245 1# - ΤΙΤΛΟΣ ΚΑΙ ΔΗΛΩΣΗ ΥΠΕΥΘΥΝΟΤΗΤΑΣ | |
| Τίτλος | Counselling and Psychotherapy Essentials / Integrating Theories, Skills, and Practices |
| 250 ## - EDITION STATEMENT | |
| Edition statement | 1st |
| 260 ## - PUBLICATION, DISTRIBUTION, ETC. | |
| Name of publisher, distributor, etc. | W.W. Norton, |
| Date of publication, distribution, etc. | 2006 |
| 300 ## - PHYSICAL DESCRIPTION | |
| Extent | 446 |
| 520 ## - SUMMARY, ETC. | |
| Summary, etc. | This textbook will be useful to students and novice practitioners alike in providing descriptions of how therapy proceeds by identification of dysfunctional patterns, at a variety of levels, and treatment planning to promote change. Preface, Acknowledgements, Introduction: A Contextual Overview of Counselling and Psychotherapy, Foundations of Counselling and Psychotherapy, Psychodynamic and Behavioral and Cognitive Theories: Concepts and Techniques, Humanistic and Multicultural and Systems Theories: Concepts and Techniques, Components of Effective Counselling and Psychotherapy, Foundations of Therapeutic Communication, Engagement: Establishing and Maintaining and Repairing Therapeutic Working Alliances, Pattern Identification and Treatment Planning, General Strategies for Facilitating Change, ECBIS Strategies for Facilitating Change, Resolving Resistance and Negotiating Transference and Countertransference Issues, Termination: Anticipating Challenges and Supporting Growth and Preventing Relapse and Preparing Clients for Their Future, Higher Incidence Concerns and Effective Treatments, Psychoeducational Interventions to Enhance Psychosocial Skills, Depression and Suicide, Anxiety and Panic Concerns, Index. |
| 700 1# - ΠΡΟΣΘΕΤΗ ΑΝΑΓΡΑΦΗ--ΦΥΣΙΚΟ ΠΡΟΣΩΠΟ | |
| Personal name | Beitman Bernard D. |
| 9 (RLIN) | 7268 |
| 700 1# - ΠΡΟΣΘΕΤΗ ΑΝΑΓΡΑΦΗ--ΦΥΣΙΚΟ ΠΡΟΣΩΠΟ | |
| Personal name | Good Glenn E |
| 9 (RLIN) | 7269 |
| 942 ## - ADDED ENTRY ELEMENTS (KOHA) | |
| Koha item type | Books |
| Τύπος τεκμηρίου | Βιβλιοθήκη | Τρέχουσα τοποθεσία | Barcode | Αριθμός εισαγωγής | Ημερομηνία απόκτησης | Ταξιθετικό σύμβολο | Αριθμός αντιτύπου | Κατάσταση απόσυρσης | Κατάσταση χαμένου | Κατάσταση κατεστραμμένου | Μη δανεισμός | Σύνολο δανεισμών | Ημερομηνία τελευταίας εμφάνισης | Η τιμή ισχύει από |
|---|---|---|---|---|---|---|---|---|---|---|---|---|---|---|
| Books | MC Athens Campus Library | MC Athens Campus Library | 9780000063083 | 5196 | 05/06/2025 | 616.89/14 GOO | 1 | 05/06/2025 | 05/06/2025 |